Catholic Demon or Opera? Quiz Stats

 Plays Quiz Updated Jul 1, 2020

Support Sporcle.
Go Orange.
Score 0/30 Timer 05:00
3 Plays Today
Name Type D or O % Correct
Malphas???
86.9%
Abaddon???
84.2%
Fidelio???
84.2%
Focalor???
83.7%
Belphegor???
83.2%
Tannhauser???
81.7%
Belial???
81.6%
Xaphan???
79.2%
Elektra???
78.8%
Sargantas???
78.7%
Faust???
78.3%
Siegfried???
76.8%
Eligos???
72.9%
Naberius???
71.5%
Asmodeus???
70.4%
Name Type D or O % Correct
Lohengrin???
66.8%
Fedora???
65.7%
Dantalion???
64.1%
Ronove???
63.7%
Iris???
61.2%
Vordelet???
59.4%
Flauros???
58.6%
Isabeau???
58.5%
Mignon???
58.3%
Manon???
52.2%
Lakme???
49.8%
Ernani???
47.1%
Zaza???
43.1%
Nerone???
36.9%
Djamileh???
30%

From the Vault

Find the Missing Letter

by MrChewypoo

It has to be around here somewhere. Maybe in the sofa?
Remove Ads.
Support Sporcle.
Get the best of Sporcle when you Go Orange. This ad-free experience offers more features, more stats, and more fun while also helping to support Sporcle. Thank you for becoming a member.

Show Comments

Extras

Top Quizzes Today


Score Distribution

Your Account Isn't Verified!

In order to create a playlist on Sporcle, you need to verify the email address you used during registration. Go to your Sporcle Settings to finish the process.

Report this User

Report this user for behavior that violates our Community Guidelines.

Details: